000 00704nam a22002537a 4500
001 000423
003 DO-SdBNP
005 20180117142336.0
007 000423
008 160726b 1975 sp a ||||| |||| 00| 0 spa d
020 _a8430509151
040 _aBPMSU
_bspa
_cBPMSU
092 _axxxxxx
_bxxxxxx
100 1 _aWallace, Lew,
_d1827-1905.
245 1 0 _aBen-Hur /
_cLew Wallace ; ilustraciones ; J. P. Montero.
260 _aBarcelona :
_bSusaeta,
_c1975.
300 _a162 p. :
_bil. ;
_c21 cm.
490 1 _aSaeta
500 _aIncluye datos biográficos de la autor.
700 1 2 _aMontero, J. P.,
_eil.
830 0 _aSaeta
942 _2ddc
_cBK
956 _aLOPEREZ
_b10
_cBPMSU
_d0041
999 _c11035
_d11035